Statistiques concernant Quiz sur l'Ouzbékistan

Cliquez ici pour prendre le quiz!

Statistiques générales

  • Ce quiz a été pris 763 fois
  • Le résultat moyen est 10 sur 16

Statistiques - réponses

Question Réponse % Correct
Tous les pays frontaliers de l'Ouzbékistan se terminent par ces quatre lettresStan
96%
Religion la plus pratiquéeIslam
96%
Jusqu'en 1991, l'Ouzbékistan appartenait à ce paysUnion Soviétique
93%
Route commerciale qui traversait l'Ouzbékistan jusqu'au XVIIIème siècleRoute de la {Soie}
92%
Langue non-officielle pourtant omniprésenteRusse
87%
Langue officielleOuzbek
86%
Capitale et plus grande villeTachkent
75%
Auparavant le 4ème plus grand lac du monde, aujourd'hui fortement évaporéMer d'{Aral}
71%
L'Ouzbékistan et le Liechtenstein sont les deux seuls pays à être...Doublement {Enclavés}
67%
Conquérant qui a envahi cette région en 327 avant J.-C.Alexandre le Grand
66%
Premier empire qui a annexé cette région au VIème siècle avant J.-C.Empire Perse Achéménide
55%
Fibre végétale dont l'Ouzbékistan est le deuxième exportateur mondialCoton
53%
Groupe ethnique qui englobe notamment les Ouzbeks, les Kazakhs et les OuïghoursPeuples {Turc}iques
32%
Deuxième ville la plus peupléeSamarcande
31%
Dirigeant né à Chakhrisabz en 1336 dont les conquêtes ont tué 5% de la population mondialeTamerlan
23%
Région dont l'Ouzbékistan fait partie, qui a donné son nom aux chameaux à 2 bossesBactriane
13%

Distribution des résultats

Percentile par nombre de réponses

% des personnes avec chaque résultat

Votre développement - résultats

Vous n’avez pas pris ce quiz